000 00507nam a2200193Ia 4500
005 20250923145020.0
008 008 250917s9999 xx 000 0 eng d
037 _aTextual
040 _aDSWL
_beng
_cDSWL
041 _aeng
_2eng
084 _aY1z7, K4
_qDSWL
245 0 _aFrontiers of sociology
_cEd.by T.R. Fyvel
260 _aLondon
_bCohen & West
_c1964
300 _a248 p.
365 _aINR
_b14
925 _g14
942 _cTEXL
_hY1z7, K4
999 _c1446081
_d1446081